000 00321nam a2200133Ia 4500
008 190216s9999||||xx |||||||||||||| ||und||
100 _aRajaram. J And Kuriakose. J.C
245 0 _aThermodynamics
250 _a1st Ed.
260 _bShoban Lal Nagin Chand&Com
_c1986
300 _a517
650 _aPhysics
942 _cBK
999 _c33114
_d33114